00861nam a2200241 a 4500008004100000020002000041040002500061041001300086044001100099080001400110100003200124240003800156245013500194250001400329260002700343300001800370500005000388650004500438700002900483700002900512730002700541765005100568020814s2001 m yxo ra 0 slo c a805510252Xc189 aSNKbslocSNKeAACR21 asloheng axocSK a821.111-31 aFielding, Helend1959-4aut10aBridget Joneďs diarylSlovensky10aDenník Bridget JonesovejcHelen Fieldingová ; [z anglického originálu preložili Mária Klenková a Tamara Chovanová] a[1. vyd.] aBratislavabIKARc2001 a255 s.c21 cm aÚdaj o prekl. prevzatý z rubu tit. strany07aromány spoločenské anglické2SNK1 aKlenková, Mária4trl1 aChovanová, Tamara4trl tBridget Joneďs diary0 tBridget Joneďs diaryaFielding, Helen, 1959-